ITA-Reyes de Cerdeña y Piamonte-Cerdeña - Estadísticas

Estadísticas generales
  • Esta prueba ha sido intentada 19 veces
    16 desde el último reinicio
  • La puntuación promedio es 18 de 24
Estadísticas de respuestas
Período Nombre del Rey % Correcto
1516-1556 Carlos I
100%
1665-1700 Carlos II
100%
1714-1720 Carlos III
100%
1387-1396 Juan I
100%
1458-1479 Juan II
100%
1556-1598 Felipe I
93%
1598-1621 Felipe II
93%
1621-1665 Felipe III
93%
1700-1714 Felipe IV
93%
1412-1416 Fernando I
93%
1479-1516 Fernando II
93%
1336-1387 Pedro I
79%
1802-1821 Víctor Manuel I
79%
1849-1861 Víctor Manuel II
79%
1327-1336 Alfonso I
71%
1416-1458 Alfonso II
71%
1396-1410 Martín I
64%
1821-1831 Carlos Félix
57%
1297-1327 Jaime I
57%
1720-1730 Víctor Amadeo II
57%
1773-1796 Víctor Amadeo III
57%
1831-1849 Carlos Alberto
36%
1730-1773 Carlos Manuel III
29%
1796-1802 Carlos Manuel IV
29%
No se encontraron pruebas coincidentes
Distribución de puntuación
Porcentaje de gente con cada puntuación
Porcentaje por número respondido
Historial de tus puntuaciones
No has intentado esta prueba desde el último reinicio